000 00676nam a2200181 a 4500
001 000039374
005 20201002031623.0
008 130625s1979 sp 000 0 spa d
020 _a8400044983
040 _aDO-SdBNP
_bspa
_cBNPHU
100 1 _aFernande Tejero, Emilia
_965576
245 1 0 _aTexto Hebreo biblico de Sefarad en el Minhat Say de Y. S de Norzi /
_cEmillia Fernandez Tejero.
260 _aMadrid :
_bConsejo Superior de Investigación Científicas,
_c1979.
300 _c28 cm.
490 1 _aTextos y estudios Cardenal Cisneros
_v24
710 2 _aConsejo Superior de Investigación Científicas
_963831
830 0 _aTextos y estudios Cardenal Cisneros
_v24
_965577
999 _c38864
_d38864